01116nam a2200289u 450000100060000000300080000600500170001400800390003103500190007004000270008904100080011608200290012410000460015324501000019925000130029926000450031230000700035750400270042765000230045465100520047765100460052970000350057570000350061094200120064599900170065795201520067436504BD-RjUL20211209052509.0140624s1899 nyucfh b 000 0 eng a(BD-RjUL)36604 aDLCcDLCdBD-RjULbeng aeng a321.80973 bTOD V-1 18991 aTocqueville, Alexis ded1805-1859.97682810aDemocracy in America /c Alexis de Tocqueville, Hon . John T. Morgan, Hon. John J. IngallsnV-1 aRev. ed. aNew York :bThe Colonial press,c[c1899] axvii, 442 p. :bill., fronts. (ports.) plates, facsims. ;c23 cm. aIncludes Bibliography. 0aDemocracy.9111137 0aUnited StatesxPolitics and government.9111138 0aUnited StatesxSocial conditions.91111391 aMorgan, Hon . John T. 91111401 aIngalls, Hon. John J. 9111141 2ddccBK c36504d36504 00102ddc40708NFICaRUCLbRUCLcStackd1957-08-29ePub. United Ltd.g7.12l0o321.80973 TOD V-1 1899r2014-06-24 00:00:00tC-2w2021-12-09yBK